Versiones inglesas de los ataques anglo-holandeses a Cádiz, 1596 y 1625 / (Record no. 15796)
[ view plain ]
| 000 -LEADER | |
|---|---|
| campo de control de longitud fija | 01229nam a2200313 i 4500 |
| 001 - NÚMERO DE CONTROL | |
| campo de control | 15796 |
| 003 - IDENTIFICADOR DE NÚMERO DE CONTROL | |
| campo de control | ES-MaACL |
| 005 - FECHA Y HORA DE LA ÚLTIMA TRANSACCIÓN | |
| campo de control | 20230906151145.0 |
| 007 - CAMPO FIJO DE DESCRIPCIÓN FÍSICA--INFORMACIÓN GENERAL | |
| campo de control de longitud fija | t| |
| 008 - DATOS DE LONGITUD FIJA--INFORMACIÓN GENERAL | |
| campo de control de longitud fija | 000508s1985 sp ||||1| spa d |
| 080 ## - NÚMERO DE LA CLASIFICACIÓN DECIMAL UNIVERSAL | |
| Número de la Clasificación Decimal Universal | 327(410)"1558/1603"(093) |
| 080 ## - NÚMERO DE LA CLASIFICACIÓN DECIMAL UNIVERSAL | |
| Número de la Clasificación Decimal Universal | 327(410)"1603/25"(093) |
| 080 ## - NÚMERO DE LA CLASIFICACIÓN DECIMAL UNIVERSAL | |
| Número de la Clasificación Decimal Universal | 946.818 C."1596"(093) |
| 080 ## - NÚMERO DE LA CLASIFICACIÓN DECIMAL UNIVERSAL | |
| Número de la Clasificación Decimal Universal | 946.818 C."1625"(093) |
| 100 1# - ENTRADA PRINCIPAL--NOMBRE DE PERSONA | |
| Nombre de persona | Calderón Quijano, José Antonio. |
| 9 (RLIN) | 33626 |
| 245 10 - MENCIÓN DEL TÍTULO | |
| Título | Versiones inglesas de los ataques anglo-holandeses a Cádiz, 1596 y 1625 / |
| Mención de responsabilidad, etc. | estudio por José Antonio Calderón Quijano ; versión por J.A. Calderón Quijano y T. Barzdevics Tejera. |
| 260 ## - PUBLICACIÓN, DISTRIBUCIÓN, ETC. | |
| Lugar de publicación, distribución, etc. | Cádiz : |
| Nombre del editor, distribuidor, etc. | Caja de Ahorros de Cádiz, |
| Fecha de publicación, distribución, etc. | [1985] |
| 300 ## - DESCRIPCIÓN FÍSICA | |
| Extensión | XVI, 146 p. : |
| Otras características físicas | il. ; |
| Dimensiones | 23 cm. |
| 490 1# - MENCIÓN DE SERIE | |
| Mención de serie | Historia ; |
| Designación de volumen o secuencia | 4 |
| 651 #4 - PUNTO DE ACCESO ADICIONAL DE MATERIA--NOMBRE GEOGRÁFICO | |
| Nombre geográfico | Gran Bretaña- |
| Subdivisión general | Política exterior- |
| Subdivisión cronológica | 1558-1603- |
| Subdivisión de forma | Fuentes. |
| 9 (RLIN) | 8758 |
| 651 #4 - PUNTO DE ACCESO ADICIONAL DE MATERIA--NOMBRE GEOGRÁFICO | |
| Nombre geográfico | Gran Bretaña- |
| Subdivisión general | Política exterior- |
| Subdivisión cronológica | 1603-1625- |
| Subdivisión de forma | Fuentes. |
| 9 (RLIN) | 8759 |
| 651 #4 - PUNTO DE ACCESO ADICIONAL DE MATERIA--NOMBRE GEOGRÁFICO | |
| Nombre geográfico | Cádiz- |
| Subdivisión general | Historia- |
| Subdivisión cronológica | 1596- |
| Subdivisión de forma | Fuentes. |
| 9 (RLIN) | 7916 |
| 651 #4 - PUNTO DE ACCESO ADICIONAL DE MATERIA--NOMBRE GEOGRÁFICO | |
| Nombre geográfico | Cádiz- |
| Subdivisión general | Historia- |
| Subdivisión cronológica | 1625- |
| Subdivisión de forma | Fuentes. |
| 9 (RLIN) | 7917 |
| 700 1# - ENTRADA AGREGADA--NOMBRE PERSONAL | |
| Nombre de persona | Barzdevics Tejera, I. |
| 9 (RLIN) | 26218 |
| 710 2# - ENTRADA AGREGADA--NOMBRE DE ENTIDAD CORPORATIVA | |
| Nombre de entidad corporativa o nombre de jurisdicción como elemento de entrada | Caja de Ahorros de Cádiz. |
| 9 (RLIN) | 2284 |
| 830 0# - PUNTO DE ACCESO ADICIONAL DE SERIE-TÍTULO UNIFORME | |
| Título uniforme | Historia ; |
| Designación de volumen o secuencia | 4 |
| 9 (RLIN) | 177536 |
| 852 ## - LOCALIZACIÓN | |
| Ubicación | ES-MaACL |
| Número de control de estantería | L-22936 |
| Sublocalización o colección | R.113533 |
| Estatus retirado | Estado de pérdida | Estado de daño | No para préstamo | Biblioteca de origen | Biblioteca actual | Ubicación en estantería | Fecha de adquisición | Fuente de adquisición | Total de préstamos | Signatura topográfica completa | Código de barras | Visto por última vez | Precio de reemplazo | Tipo de ítem Koha |
|---|---|---|---|---|---|---|---|---|---|---|---|---|---|---|
| Biblioteca del Ateneo de Madrid | Biblioteca del Ateneo de Madrid | Depósito 2 | 17/01/2008 | L-22936 | 1016055 | 23/02/2023 | 23/02/2023 | Libro impreso |
